000 00512nam a2200193Ia 4500
003 GCL
008 140319s9999 xx 000 0 eng d
040 _aGCL /
_cGCL
082 0 4 _a709.32
_bR P
100 1 _aROBINS, GAY
245 1 0 _aPROPORTION AND STYLE IN ANCIENT EGYPTAIN ART /
_cROBINS, GAY
700 1 _aFOWLER, ANNS
260 _a[S.N] :
_bTHAMES AND HUDSON ،
_c1994
300 _a283 P
650 0 4 _aART - EGYPT
650 0 4 _aANCIENT EGYPTIAN ART
650 0 4 _aDRAWING SKETCHES
942 _2ddc
_cBK
999 _c25531
_d25531